000 00961cab a2200265 4500
001 ABS49887
008 090401t1993 xxu||||| |||| 00| 0 eng d
035 _a(Sirsi) u73202
041 _aeng
100 _aSanghrajka, J.
245 _aStructuring UK real estate investment for non-residents (2)
260 _c1993
350 _a0
490 _aSolicitors` Journal
_v137(47) 10 December 1993, 1246-1247(2)
520 _aContinuation of Abs49724 advising the overseas investor on tax and other aspects of property investment in the UK conducted through off-shore companies. Supplies a checklist of practical points to consider.
650 _aINCOME AND CORPORATION TAXES ACT 1988
650 _aNON-RESIDENTS
650 _aOFF-SHORE COMPANIES
650 _aTAX LIABILITY
690 _aPROPERTY-COMMERCIAL PROPERTY-COMMERCIAL PROPERTY FINANCE AND INVESTMENT
690 _aTAXATION
700 _aStepien, K.
942 _n0
948 _c04/03/1997
999 _c46295
_d46295